00782nam a2200217 a 450000100100000000500170001000800410002704000250006808200210009310000450011424500950015925000120025426000350026630000210030165000260032265000210034865000220036991000370039195201190042899900170054700003508620260312134859.0111025s1926 sp 000 0 spa d aDO-SdBNPbspacBNPHU a172bR695a, 19261 aRodó, José Enrique,d1871-19179305210aAriel :bliberalismo y jacobinismo /cJosé Enrique Rodó; prólogo de Rafael Altamira. a3a. ed. aBarcelona :bCervantes,c1926. a229 p. ;c21 cm. 0aÉtica social 91353 0aDemocracia 9286 0aLiberalismo95271 aValidado. Control de calidad MFF 001050718MOaGRbGRcHDd2011-10-25iLF1l0o172 R695a, 1926p35086-10r2020-06-25w2020-06-25y1ZNo se presta c34577d34577